000 00484nam a2200169Ia 4500
999 _c27853
_d27853
003 OSt
005 20201228125605.0
008 190216s9999||||xx |||||||||||||| ||und||
040 _coclc
082 _a894.812301
_bRAD/B
100 _aRadhalekshmy, T K
_97919
245 0 _aBhasakadhasaram /
_cT K Radhalekshmy
260 _bSoori Books,
_aTrivandrum:
_c1998.
300 _a109p
650 _aKathakal
942 _cBK
_2ddc
_h894.812301
_iRAD/B
_k894.812301
_mRAD/B